000 00687nam a2200265Ia 4500
005 20260306153054.0
008 008 260114s9999 xx 000 0 eng d
020 _a9788323392699
037 _aEBOOK
040 _aCRL
040 _beng
040 _cCRL
041 _2eng
041 _aeng
084 _qCRL
100 _aGaweł/Kocój
_91124628
245 0 _aCultural Heritage - Management, Identity and Potential
250 _a1st ed
260 _bJagiellonian University Press
260 _c2018
650 _aCommerce
856 _uhttps://www.cambridge.org/core/product/identifier/9788323392699/type/BOOK
942 _cEBOOK
999 _c1702078
_d1702078